| 000 | 00000nam##2200000za#4500 |
| 001 | 9.699817 |
| 003 | CaOODSP |
| 005 | 20210625000543 |
| 007 | cr ||||||||||| |
| 008 | 150407|1978||||xxc|||||o f|0| 0 eng|d |
| 040 | |aCaOODSP|beng |
| 043 | |an-cn--- |
| 086 | 1 |aC2-60/1978E-PDF |
| 110 | 1 |aCanada. |bIndustry Canada. |
| 245 | 14|aThe Canadian automotive industry : |h[electronic resource]|bperformance and proposals for progress / |cInquiry into the Automotive Industry ; Simon Reisman, commissioner. |
| 246 | 1 |iTitle also cited as : |aInquiry into the Automotive Industry |
| 260 | |aOttawa - Ontario : |bIndustry Canada |cOctober 1978. |
| 300 | |a170, 111p.|bgraphs, tables |
| 500 | |aHistorical publication digitized in 2010 by Privy Council Office of Canada. |
| 520 | 3 |a"This report has been prepared for the Government of Canada pursuant to a Commission under Part I of the Inquiries Act "to inquire into and report upon the means to ensure the development in Canada of a balanced and internationally competitive automotive industry".--Preface, p.5 of 170. |
| 590 | |a15-04-Supp|b2015-03-19 |
| 690 | 07|aAutomobile industry|2gcpds |
| 690 | 07|aCommissions of inquiry|2gcpds |
| 775 | 08|tL'industrie canadienne de l'automobile : |w(CaOODSP)9.643797 |
| 856 | 40|ahttp://publications.gc.ca|qPDF|s5.77 MB|uhttps://publications.gc.ca/collections/collection_2014/ic/C2-60-1978-1-eng.pdf |
| 856 | 40|ahttp://publications.gc.ca|qPDF|s4.12 MB|uhttps://publications.gc.ca/collections/collection_2014/ic/C2-60-1978-2-eng.pdf |